The Sporcle Beatles Mystery Quiz Stats

 Plays Quiz Updated Mar 4, 2019

Score 0/246 Timer 14:00
1 Play Today
% Correct
▼ MARKET
100%
Sea of Green,
99.9%
═════════════
99.9%
PLACE ▼ (4kc)
99.9%
Welcome to the
99.9%
Beatles Mystery.
99.9%
See the bonus area
99.9%
on the bottom right
99.9%
of this grid for
99.9%
instructions on
99.9%
how to win.
99.9%
• • •
99.9%
*To go to the
99.9%
just type
99.9%
←'FOAMY'
99.9%
═════════════
99.9%
A group of 7
99.9%
suspects and 7
99.9%
weapons will be
99.9%
found among the
99.9%
9 rooms on this
99.9%
map. Figure out the
99.9%
correct suspect,
99.9%
room, and weapon
99.9%
to win the game.
99.9%
• • •
99.9%
═════════════
95.7%
═════════════
95.7%
▼ SEA OF
95.7%
GREEN ▼ (b3i)
95.7%
*Question:
95.7%
One and one
95.7%
and one is what?
95.7%
• • •
95.7%
• • •
95.7%
Nowhere Land,
93.3%
*Okay, and that's
93.2%
from which
93.2%
Beatles song?
93.3%
*To go to
93.2%
just type
93.2%
'PLANS' ↓
93.2%
═════════════
92.9%
═════════════
92.9%
▼ NOWHERE
92.8%
LAND ▼ (a35)
92.8%
Unscramble these
92.8%
Beatles songs:
92.8%
LIAUJ
92.8%
TGE CBKA
92.8%
RIVED YM ARC
92.8%
NYNPE LEAN
92.8%
NAMXTA
92.8%
ELLYVO TAIR
92.8%
LICEHELM
92.8%
• • •
92.8%
*To go to the
92.8%
House of Lords,
92.8%
just type
92.8%
↓ 'OHBOY'
92.8%
• • •
92.8%
*Weeping Guitar (iv7)
90.5%
▼ HOUSE OF
90.3%
LORDS ▼ (7pw)
90.3%
• • •
90.3%
═════════════
90.3%
*Type George's
90.3%
surname.
90.3%
• • •
90.3%
═════════════
90.3%
Abbey Road,
90.3%
*Here are
90.2%
your seven
90.2%
« Murder
90.2%
Weapons »:
90.2%
*To go to
90.2%
just type
90.2%
'ALBUM'→
90.2%
═════════════
89.6%
═════════════
89.6%
▼ STRAWBERRY
89%
FIELD ▼ (f87)
89%
% Correct
Enter the missing
89%
song title words:
89%
_____ Writer
89%
I've Just Seen a _____
89%
Dear _____
89%
Carry That _____
89%
Twist and _____
89%
Mean Mr. _____
89%
Good Day _____
89%
• • •
89%
• • •
89%
*Warm Gun (h8g)
88.7%
═════════════
88.5%
═════════════
88.5%
▼ CAST IRON
88.3%
SHORE ▼ (sd3)
88.3%
• • •
88.3%
To go up,
88.3%
↑ type '4EVER'
88.3%
*Fill in the missing
88.3%
lyrics from 'Across
88.3%
the Universe'*
88.3%
**
88.3%
____ are flowing out
88.3%
like endless rain into
88.3%
a paper cup…
88.3%
Pools of sorrow
88.3%
____ of joy
88.3%
Are drifting through
88.3%
my opened mind
88.3%
Possessing and
88.3%
_____ me…
88.3%
*Old Brown Shoe (2fc)
87.6%
Strawberry Field,
87.4%
'All You Need
87.4%
is Love'?
87.3%
To go to the
87.3%
*What are the
87.3%
first three
87.3%
words to the song
87.3%
◊ Secret Passage»
87.3%
»type '4EVER'
87.3%
just type
87.3%
'4EVER'→
87.3%
To go down, type
86.6%
'ONION' ↓
86.6%
*Here are
86.6%
your seven
86.6%
« Murder
86.6%
Suspects »:
86.6%
*Lady Madonna (4ns)
85.5%
═════════════
84.7%
═════════════
84.7%
▼ ABBEY
84.6%
ROAD ▼ (dr2)
84.6%
• • •
84.6%
*Name all the words
84.6%
used to rhyme with
84.6%
'Yesterday' in the
84.6%
song of that name.
84.6%
• • •
84.6%
To go right, type
84.6%
'ONION' →
84.6%
*Gideon's Bible (31p)
84%
*Marshmallow Pie (9eq)
81.5%
*Norwegian Wood (1jt)
80.9%
*Dr. Robert (83p)
79.8%
These are NOT the
78.9%
murder weapons:
78.9%
To go down, type
78.9%
'RINGO5' ↓
78.9%
•Old Brown Shoe
77.6%
•Away
77.6%
• • •
75.8%
═════════════
75.8%
• • •
75.8%
═════════════
75.8%
▼ OCTOPUS
75.8%
GARDEN ▼ (6h5)
75.8%
To go left, type
75.8%
← 'OHBOY'
75.8%
*Name another word
75.8%
% Correct
that ends with '-tion'
75.8%
in the Beatles
75.8%
song 'Revolution'.
75.8%
▼ DADDY'S
72.9%
FARM ▼ (kz9)
72.9%
*What song begins
72.9%
with 'Flew in from
72.9%
Miami Beach BOAC'?
72.9%
═════════════
72.9%
═════════════
72.9%
•Norwegian Wood
72.6%
•Stay
72.6%
*Bungalow Bill (e2d)
72.3%
*Mother Mary (3uy)
70.6%
*Unscramble the
70.4%
people from
70.4%
Beatles songs:
70.4%
LIBYL HARESS
70.4%
CRYKO CROCANO
70.4%
ORETLAT RIMNAT
70.4%
is NOT Dr Robert.
69.5%
*What song begins
69.5%
with 'When I get older,
69.5%
losing my hair'?
69.5%
♦Clue: the killer
69.5%
*These are NOT
68.6%
the Murder Rooms:
68.6%
To go down,
68.6%
type 'NORWAY' ↓
68.6%
*Sgt. Pepper (xd3)
68.5%
*Father McKenzie (tf1)
67.9%
♦Clue: the killer is
67.6%
NOT Lady Madonna.
67.6%
◊ Secret Passage
67.6%
*Question:
67.6%
Which album
67.6%
originally had the
67.6%
song 'In My Life'?
67.6%
*Spinal Cracker (c46)
67%
Correct! Here's
66.9%
your clue:
66.9%
♦Clue: The
66.9%
murder weapon
66.9%
does not
66.9%
start with
66.9%
the letter 'W'.
66.9%
*Mr. Kite (ew7)
64.8%
*Cast Iron Shore
64.5%
*Daddy's Farm
64.4%
♦Clue: The Murder
64.1%
Room does NOT
64.1%
have the letter
64.1%
'L' anywhere
64.1%
in its name.
64.1%
•Gideon's Bible
63.1%
•Play
63.1%
•Marshmallow Pie
62.7%
•Say
62.7%
*Octopus Garden
60.2%
♦Clue: The
58.9%
Killer is NOT:
58.9%
To go right, type
58.9%
'NORWAY' →
58.9%
◊ Secret Passage
57.9%
*Extra Clue:
57.9%
Abbey Road is not the
57.9%
room, and Sgt. Pepper
57.9%
is not the killer.
57.9%
*Passage Open
57.9%
Go to the
57.9%
»Sea of Green
57.9%
*Mother Mary
52.9%
*Father McKenzie
52.5%
*Bungalow Bill
33.6%
•!WINNER!•
20.6%
•!WINNER!•
20.6%
•!WINNER!•
20.6%
•!WINNER!•
20.6%
•!WINNER!•
20.6%
»YOU SOLVED«
20.6%
»THE MYSTERY!«
20.6%
•!WINNER!•
20.6%

You're not logged in!

Compare scores with friends on all Sporcle quizzes.
OR
Log In

Sporcle TV

Today on Sporcle TV


Watch our educational content, quiz creation guides, and fun videos on Sporcle TV.

Show Comments

Extras

Top Quizzes Today


Score Distribution

Your Account Isn't Verified!

In order to create a playlist on Sporcle, you need to verify the email address you used during registration. Go to your Sporcle Settings to finish the process.

Report this User

Report this user for behavior that violates our Community Guidelines.

Details: